Monarchs of England 886-1066 - Statistics

General Stats
  • This quiz has been taken 5 times
  • The average score is 8 of 16
Answer Stats
Hint Answer % Correct
886-899 Alfred
75%
1042-1066 Edward III
75%
1066 Harold II
75%
924-939 AEthelstan
50%
1016-1035 Cnut the great
50%
946-955 Eadred
50%
955-959 Eadwig
50%
959-975 Edgar the peaceful
50%
939-946 Edmund I
50%
1016 Edmund II
50%
899-924 Edward I
50%
975-978 Edward II
50%
1035-1040 Harold I
50%
1040-1042 Harthacnut
50%
1013-1014 Sweyn
50%
978-1013,1014-1016 AEthlred the unready
0%
No matching quizzes found
Score Distribution
Percent of People with Each Score
Percentile by Number Answered
Your Score History
You have not taken this quiz